Impressionists in England : the critical reception /

Bibliographic Details
Other Authors: Flint, Kate
Format: Book
Language:English
Published: London ; Boston : Routledge & Kegan Paul, 1984.
Subjects:

MARC

Tag First Indicator Second Indicator Subfields
LEADER 00000cam a22000008a 4500
001 in00000542921
005 20151013173035.0
008 831129s1984 enk b 00100 eng
010 |a  83024587  
020 |a 0710094701 (U.S.) :  |c $35.00 
035 |a (OCoLC)10229900 
035 |9 ACH3575AM 
039 0 |a 2  |b 3  |c 3  |d 3  |e 3 
040 |a DLC  |c DLC  |d TXA  |d UtOrBLW 
043 |a e-fr---  |a e-uk-en 
049 |a TXAM  |c [777851] 
050 0 0 |a ND547.5.I4  |b I49 1984 
082 0 |a 759.4  |2 19 
245 0 0 |a Impressionists in England :  |b the critical reception /  |c edited by Kate Flint. 
264 1 |a London ;  |a Boston :  |b Routledge & Kegan Paul,  |c 1984. 
300 |a xvi, 390 pages 
336 |a text  |b txt  |2 rdacontent 
337 |a unmediated  |b n  |2 rdamedia 
338 |a volume  |b nc  |2 rdacarrier 
500 |a Includes index. 
504 |a Bibliography: page 376. 
650 0 |a Impressionism (Art)  |z France  |x Public opinion. 
650 0 |a Painting, French. 
650 0 |a Painting, French  |y 19th century. 
650 0 |a Public opinion  |z England. 
700 1 |a Flint, Kate. 
999 |a MARS 
999 f f |s 3c460818-afeb-3dd8-b7ae-f97331723edc  |i f11572f8-b553-3124-96e3-54e7dab35001  |t 0 
952 f f |p normal  |a Texas A&M University  |b College Station  |c Sterling C. Evans Library  |d Evans: Library Stacks  |t 0  |e ND547.5.I4 I49 1984  |h Library of Congress classification  |i unmediated -- volume  |m A14808794375 
998 f f |a ND547.5.I4 I49 1984  |t 0  |l Evans: Library Stacks